| 000 | 00389cam a2200169ua 4500 | ||
|---|---|---|---|
| 020 | _c2.50 | ||
| 041 |
_ahin _h |
||
| 082 |
_a891.54 _bSUS/PA |
||
| 100 | _aSushila Kumari, . | ||
| 245 |
_aPadya pravah / _cSushila Kumari. _hTextual Documents |
||
| 260 |
_aDelhi : _bRajkamal Prakash. |
||
| 300 | _a227 ; . | ||
| 365 | _a2.50 | ||
| 504 | _a | ||
| 942 | _cBK | ||
| 999 |
_c8274 _d8274 |
||